000 00313nam a22001337a 4500
020 _a978-0-141-32630-6
082 _a823
_bDAH/M
100 _aROALD DAHL
245 _aTHE MAGIC FINGER
260 _aUNITED KINGDOM
_bPUFFIN BOOKS
_c2010
300 _a57
650 _aCHILDREN'S STORY BOOK
_zUNITED KINGDOM
942 _cBK
999 _c37
_d37